Statistics for Name the Gravity Falls episode

Click here to take the quiz!

General Stats

  • This quiz has been taken 44 times
  • The average score is 7 of 9

Answer Stats

HintAnswer% Correct
A mysterious trickster forces Dipper, Mabel, Candy and Grenda to trick or treatSummerween
92%
Dipper thinks Mabel's new boyfriend is a zombieTourist trapped
92%
Dipper and Mabel switch bodiesCarpet diem
87%
Grunkle Stan reveals his mysterious pastA tale of two stans
82%
Mabel sets up a puppet show to impress her new boyfriendSock opera
82%
Our group of protagonists find a secret underground bunkerInto the bunker
76%
The residents of Gravity Falls take on Bill Cipher for the final confrontationWeirdmageddon
76%
Dipper and Mabel find the secret lost president of the USAIrrational treasure
61%
Gideon sends Bill Cipher into Grunke Stan's mindDreamscaperers
53%

Score Distribution

Percentile by Number Answered

Percent of People with Each Score

Your Score History

You have not taken this quiz